Responses for Show #5842 - Tuesday, January 26, 2010

Contestants

[<< previous game]

Anna Tschetter, a legal assistant from Danvers, Massachusetts

Rajeev Gorowara, a chemical engineer from Wilmington, Delaware

Andrew Fechner, a television programmer from Montclair, New Jersey (whose 1-day cash winnings total $26,001)

[next game >>]

Jeopardy! Round responses

PRESIDENTIAL INAUGURATION LORE
COLLEGE FOOTBALL HALL OF FAMERS
(Alex: We'll identify them, tell you the last year they were at the college; you identify the school.)
EURO COINS
INVESTING WITH WARREN BUFFETT
HOLD THE FORT
A IS FOR "APPL"
    $200 26
1865

Andrew
    $200 8
the University of Georgia

Andrew
    $200 1
Zeus

Anna
    $200 16
Gillette

Rajeev
    $200 6
(Anna: Who was Benedict Arnold?)

Hale

AndrewAnna
    $200 21
apply

Anna
    $400 27
Franklin

Andrew
    $400 12
UCLA

Andrew
    $400 2
(Andrew: What is a star?)

(Rajeev: What is an octagon?)

cross

AndrewRajeev
Triple Stumper
    $400 17
American Express

Rajeev
    $400 7
Geronimo

Rajeev
    $400 22
appliance

Anna
    $600 28
(Anna: Who are Churchill and FDR?)

Hoover and FDR

AndrewAnna
    $600 13
Florida

Rajeev
    $600 3
Mozart

Andrew
    $600 18
Berkshire Hathaway

Andrew
    $1,000 9
Fort McHenry

Andrew
    $600 23
applause

Andrew
    $800 29
(Rajeev: Who is FDR?)

Truman

Rajeev
Triple Stumper
    $800 14
Notre Dame

Rajeev
    $800 4
Dante

Anna
    $800 19
GEICO

Rajeev
    $800 10
New Jersey

Andrew
    $800 24
applejack

Triple Stumper
    $1000 30
Pierce

Rajeev
    $1000 15
Nebraska

Rajeev
    $1000 5
Albert

Triple Stumper
    $1000 20
(Rajeev: What is Gannett?)

Washington Post

Rajeev
Triple Stumper
    $1000 11
(Anna: Who was Grant?)

Taylor

RajeevAnna
    $1000 25
applique

Andrew

Scores at the first commercial break (after clue 15):

Andrew Rajeev Anna
$2,800 $3,400 -$200

Scores at the end of the Jeopardy! Round:

Andrew Rajeev Anna
$6,200 $4,000 -$200

Double Jeopardy! Round responses

LORDS
OF WAR
OF DISCIPLINE
OF THE RINGS
OF THE FLIES
OF THE DANCE
    $400 6
Prince Charles

Rajeev
    $400 16
Saving Private Ryan

Rajeev
    $400 26
linguistics

Andrew
    $400 1
trees

Anna
    $400 11
housefly

Andrew
    $400 20
hat dance

Andrew
    $800 7
London

Anna
    $2,000 17
(Rajeev: What is War Games?)

The Deer Hunter

Rajeev
    $800 27
sociology

Rajeev
    $800 2
sumo wrestling

Anna
    $800 12
wings

Anna
    $800 22
fox trot

Anna
    $1200 8
(Anna: What is Vermont?)

West Virginia

AndrewAnna
    $1200 18
Platoon

Andrew
    $1200 28
oceanography

Triple Stumper
    $1200 3
O rings

Andrew
    $600 13
(Anna: What are gulf flies?)

Mediterranean

Anna
    $1200 23
(Andrew: What is the pachanga?)
(Anna: What is the lumbago?)
(Rajeev: What is the lambada?)
...
(Alex: Lumbago is what bothers me sometimes.)

mambo

AndrewRajeevAnna
Triple Stumper
    $1600 9
Lord Jim

Triple Stumper
    $1600 19
Gladiator

Anna
    $1600 29
gender studies

Anna
    $1600 4
mushrooms

Rajeev
    $1600 14
tsetse fly

Rajeev
    $1600 24
a grand jeté

Anna
    $2000 10
Lord Haw Haw

Triple Stumper
    $2000 21
Navarone

Anna
    $2000 30
hatha yoga

Rajeev
    $2000 5
The Nibelungs

Rajeev
    $2000 15
predator

Triple Stumper
    $2000 25
the Lindy hop

Anna

Scores at the end of the Double Jeopardy! Round:

Andrew Rajeev Anna
$9,800 $9,600 $9,200

[wagering suggestions for these scores]

Final Jeopardy! Round responses

19th CENTURY LITERATURE
AnnaWhat is Wuthering Heights?
$5,800
RajeevWhat is Gulliver's Travels?
$8,801
AndrewWhat is "The Time Machine"?
$9,401
Dracula

Final scores:

Andrew Rajeev Anna
$399 $799 $3,400
3rd place: $1,000 2nd place: $2,000 New champion: $3,400

Game dynamics:

Coryat scores:

Andrew Rajeev Anna
$9,400 $11,600 $9,800
18 R
(including 1 DD),
2 W
16 R,
5 W
(including 1 DD)
14 R,
6 W
(including 1 DD)

Combined Coryat: $30,800

[game clues] [game scores] [suggest correction]

Game tape date: 2009-12-02
The J! Archive is created by fans, for fans. Scraping, republication, monetization, and malicious use prohibited; this site may use cookies and collect identifying information. See terms. The Jeopardy! game show and all elements thereof, including but not limited to copyright and trademark thereto, are the property of Jeopardy Productions, Inc. and are protected under law. This website is not affiliated with, sponsored by, or operated by Jeopardy Productions, Inc. Join the discussion at JBoard.tv.